| 000 | 00773nam a2200253Ia 4500 | ||
|---|---|---|---|
| 003 | OSt | ||
| 005 | 20220927105546.0 | ||
| 006 | a|||||r|||| 00| 0 | ||
| 007 | ta | ||
| 008 | 220926b |||||||| |||| 00| 0 eng d | ||
| 024 | _a174449 | ||
| 037 | _cReference Collections | ||
| 040 |
_aRTL _cRTL _beng |
||
| 041 |
_2eng _aeng |
||
| 082 | _a"X:8J.213.P04r, P4/GD" | ||
| 110 | _aTAMIL NADU (Govt. of-). | ||
| 245 | 0 | _aReport of the comptroller and auditor general of India. | |
| 260 |
_aChennai _bGovt. Central Press. _c2005 |
||
| 300 |
_a"x, 57p." _ccm. |
||
| 500 | _aFor the year ended 31 March 2004. | ||
| 700 | _aTAMIL NADU (Govt. of-). | ||
| 942 |
_h"X:8J.213.P04r, P4/GD" _cCC |
||
| 999 |
_c693088 _d693088 |
||